| 000 | 00598nam a22001577a 4500 | ||
|---|---|---|---|
| 003 | OSt | ||
| 005 | 20151203141457.0 | ||
| 008 | 151203b xxu||||| |||| 00| 0 eng d | ||
| 040 | _cRUA | ||
| 082 | _aFIS VA 2011 B183 Or.1 | ||
| 100 |
_94214 _aVA, NARA. |
||
| 245 | _aThe market of striped snakehead and giant snakead in lvea em district kandal province, ទីផ្សារត្រីរ៉ស់ និងត្រីឆ្ដោ នៅស្រុកល្វាឯម ខេត្តកណ្ដាល | ||
| 260 |
_aPhnom Penh _bRUA _c2011 |
||
| 300 |
_ax; 42p. _bill. _c29cm. |
||
| 942 |
_2ddc _cFIS |
||
| 999 |
_c3928 _d3928 |
||